Digital Design (Record no. 333021)

MARC details
000 -LEADER
fixed length control field 00410nam a2200157Ia 4500
008 - FIXED-LENGTH DATA ELEMENTS--GENERAL INFORMATION
fixed length control field 230718s9999 xx 000 0 und d
041 ## - LANGUAGE CODE
Language code of text/sound track or separate title eng
082 ## - DEWEY DECIMAL CLASSIFICATION NUMBER
Classification number 621.395
Item number WAK
100 ## - MAIN ENTRY--PERSONAL NAME
Personal name Wakerly J.F.
245 ## - TITLE STATEMENT
Title Digital Design
Remainder of title Principles And Practices
250 ## - EDITION STATEMENT
Edition statement 4th ed.
260 ## - PUBLICATION, DISTRIBUTION, ETC. (IMPRINT)
Name of publisher, distributor, etc. Pearson Education
365 ## - TRADE PRICE
Currency code Rs.
Price amount 625.00
700 ## - ADDED ENTRY--PERSONAL NAME
Personal name Wakerly J.F.
906 ## - LOCAL DATA ELEMENT F, LDF (RLIN)
d B:349402-Aug-2013
c ETC
b 2731.25
Holdings
Withdrawn status Lost status Damaged status Not for loan Home library Current library Date acquired Vendor Budget Code Cost, normal purchase price Bill number Full call number Barcode Date last seen Discount Cost, replacement price Bill Date Koha item type Original Barcode
Withdrawn       Cummins College of Engineering for Women Pune Cummins College of Engineering for Women Pune 16/08/2013 Om Book Stall ETC 481.25 3494 621.395 CCEP-BK-44228 18/07/2023 2731.25 625.00 02/08/2013 Books 044228